Statistiques concernant Rôles des acteurs ayant joués dans le MCU et le DCEU

Cliquez ici pour prendre le quiz!

Statistiques générales

  • Ce quiz a été pris 28 fois
  • Le résultat moyen est 5 sur 30

Statistiques - réponses

Acteurs/ActricesRôles% Correct
Willem DafoeNorman Osborn
78%
Idriss ElbaHeimdall
67%
Michael KeatonLe Vautour
67%
Zachary Levi (2)Shazam
56%
Michael Keaton (2)Batman
52%
J.K. SimmonsJ. Jonah Jameson
41%
Russell CroweZeus
37%
Taika WaititiKorg
22%
David HarbourRed Guardian
15%
Randall ParkJimmy Woo
11%
Russell Crowe (2)Jor-El
11%
Michael RookerYondu
11%
Laurence FishburneBill Foster
7%
Idriss Elba (2)Bloodsport
7%
Djimon HounsouKorath
7%
Sean GunnKraglin
7%
Willem Dafoe (2)Nuidis Vulko
7%
Laurence Fishburne (2)Perry White
7%
Zachary LeviFandral
4%
J.K. Simmons (2)James Gordon
4%
Adewale Akinnuoye-Agbaje (2)Killer Croc
4%
Sylvester StalloneStakar Ogord
4%
David Harbour (2)Dexter Tolliver
0%
Sylvester Stallone (2)King Shark
0%
Adewale Akinnuoye-AgbajeKurse
0%
Taika Waititi (2)Ratcatcher
0%
Michael Rooker (2)Savant
0%
Djimon Hounsou (2)Sir Ricou / Le vieux sorcier
0%
Randall Park (2)Stephen Shin
0%
Sean Gunn (2)Weasel / Calendar Man
0%

Distribution des résultats

Percentile par nombre de réponses

% des personnes avec chaque résultat

Votre développement - résultats

Vous n’avez pas pris ce quiz